Recruiting, retaining, and promoting culturally different employees
Saved in:
| Main Author: | |
|---|---|
| Format: | Book |
| Language: | Undetermined |
| Published: |
Amsterdam
Elsevier Butterworth-Heinemann
2007
|
| Subjects: | |
| Tags: |
Add Tag
No Tags, Be the first to tag this record!
|
| Institutions: | Trung tâm Học liệu Trường Đại học Cần Thơ |
|---|
| LEADER | 00602nam a2200193Ia 4500 | ||
|---|---|---|---|
| 001 | CTU_149829 | ||
| 008 | 210402s9999 xx 000 0 und d | ||
| 020 | |c 32.09 | ||
| 082 | |a 658.3008 | ||
| 082 | |b L326 | ||
| 100 | |a Laroche, Lionel | ||
| 245 | 0 | |a Recruiting, retaining, and promoting culturally different employees | |
| 245 | 0 | |c Lionel Laroche, Don Rutherford | |
| 260 | |a Amsterdam | ||
| 260 | |b Elsevier Butterworth-Heinemann | ||
| 260 | |c 2007 | ||
| 650 | |a Personnel management,Quản lý nhân sự | ||
| 904 | |i Duy Bằng | ||
| 980 | |a Trung tâm Học liệu Trường Đại học Cần Thơ | ||